[Event "SUI-chT"]
[Site "Switzerland"]
[Date "2023.04.30"]
[Round "2.7"]
[White "Hakimifard, Ghazal"]
[Black "Schweitzer, Olaf"]
[Result "1-0"]
[WhiteElo "2291"]
[BlackElo "2010"]
[PlyCount "139"]
[EventDate "2023.04.16"]
[EventType "team-tourn"]
[EventRounds "9"]
[EventCountry "SUI"]
[SourceTitle "EXT 2024"]
[Source "ChessBase"]
[SourceDate "2023.10.10"]
[SourceVersion "1"]
[SourceVersionDate "2023.10.10"]
[SourceQuality "1"]
[WhiteTeam "Luzern"]
[BlackTeam "Nyon"]
[WhiteTeamCountry "SUI"]
[BlackTeamCountry "SUI"]

1. e4 c5 2. Nf3 Nc6 3. Bb5 e6 4. 0-0 Nge7 5. Re1 a6 6. Bf1 d5 7. exd5 Nxd5 8. c3 Be7 9. d4 cxd4 10. cxd4 0-0 11. Nc3 b5 12. a4 b4 13. Ne4 Nf6 14. Ng3 Bb7 15. Bg5 Qd5 16. Rc1 Rfd8 17. Be3 Na5 18. Ne5 Rac8 19. f3 Qb3 20. Qxb3 Nxb3 21. Rcd1 Nd5 22. Bf2 Nb6 23. Re3 Na5 24. Ree1 Nb3 25. Re3 Na5 26. Ree1 Rc2 27. Ne4 Rxb2 28. Nd3 Ra2 29. Nec5 Nd5 30. Nc1 Ra3 31. Nxb7 Nxb7 32. Bxa6 Nd6 33. Nd3 Rxa4 34. Nc5 Ra3 35. Rb1 Bg5 36. Bd3 Bd2 37. Re2 Bc3 38. g3 Rda8 39. Nb3 Rb8 40. Nc5 Rba8 41. Nb3 Rb8 42. Kg2 Nb5 43. Bc4 Ndc7 44. Re5 Nd6 45. Bd3 Ra2 46. Rc5 Nd5 47. Kg1 Kf8 48. h4 h6 49. f4 f5 50. Rc6 Ke7 51. Nc5 Ra1 52. Rxa1 Bxa1 53. Ra6 Bc3 54. Ra7+ Ke8 55. Rxg7 Ne7 56. Rh7 Nf7 57. Bc4 Rb6 58. Nxe6 b3 59. Nc7+ Kd8 60. Nb5 Nd6 61. Nxd6 b2 62. Nf7+ Ke8 63. Rh8+ Kd7 64. Ne5+ Kc7 65. Bd3 b1Q+ 66. Bxb1 Rxb1+ 67. Kg2 Rd1 68. Rh7 Kd8 69. Rxh6 Bxd4 70. Rd6+ 1-0

[Event "SUI-chT"]
[Site "Switzerland"]
[Date "2022.11.13"]
[Round "9.8"]
[White "Gattenloehner, Sebastian"]
[Black "Schweitzer, Olaf"]
[Result "1-0"]
[WhiteElo "2254"]
[BlackElo "1987"]
[PlyCount "83"]
[EventDate "2022.05.01"]
[EventType "team-tourn"]
[EventRounds "9"]
[EventCountry "SUI"]
[SourceTitle "EXT 2024"]
[Source "ChessBase"]
[SourceDate "2023.10.10"]
[SourceVersion "1"]
[SourceVersionDate "2023.10.10"]
[SourceQuality "1"]
[WhiteTeam "Winterthur"]
[BlackTeam "Nyon"]
[WhiteTeamCountry "SUI"]
[BlackTeamCountry "SUI"]

1. e4 c5 2. Nf3 Nc6 3. Bb5 e6 4. Bxc6 bxc6 5. d3 Ne7 6. b3 Ng6 7. Bb2 f6 8. 0-0 Be7 9. c3 Ba6 10. c4 0-0 11. Nc3 e5 12. Na4 d6 13. Ne1 Bc8 14. Nc2 Rb8 15. Bc1 f5 16. f3 Bg5 17. Nc3 Bxc1 18. Rxc1 f4 19. Ne1 Qg5 20. Rf2 Rf6 21. Nb1 Nh4 22. Nd2 Be6 23. Nf1 Rbf8 24. Qd2 Qh5 25. Qa5 Qf7 26. a3 g5 27. b4 cxb4 28. axb4 Qg7 29. c5 d5 30. Ra1 R6f7 31. Qa6 dxe4 32. dxe4 Bd7 33. Qxa7 g4 34. Qa2 Kh8 35. Kh1 g3 36. Rd2 Qh6 37. Rd6 Qh5 38. Rad1 Bc8 39. Rd8 Qg5 40. Rxc8 Rxc8 41. Qxf7 gxh2 42. Rd7 1-0

[Event "SUI-chT"]
[Site "Switzerland"]
[Date "2022.09.18"]
[Round "7.7"]
[White "Schweitzer, Olaf"]
[Black "Douguet, Claude"]
[Result "1/2-1/2"]
[WhiteElo "1987"]
[BlackElo "2080"]
[PlyCount "79"]
[EventDate "2022.05.01"]
[EventType "team-tourn"]
[EventRounds "9"]
[EventCountry "SUI"]
[SourceTitle "EXT 2023"]
[Source "ChessBase"]
[SourceDate "2022.10.05"]
[SourceVersion "1"]
[SourceVersionDate "2022.10.05"]
[SourceQuality "1"]
[WhiteTeam "Nyon"]
[BlackTeam "Wollishofen"]
[WhiteTeamCountry "SUI"]
[BlackTeamCountry "SUI"]

1. e4 e5 2. Nf3 Nf6 3. Nxe5 d6 4. Nf3 Nxe4 5. Nc3 Nxc3 6. dxc3 Be7 7. Be3 Nc6 8. Qd2 Be6 9. Nd4 Nxd4 10. cxd4 d5 11. Bd3 Qd7 12. 0-0 0-0 13. Rfe1 Rfe8 14. Bf4 Bd6 15. Bxd6 Qxd6 16. Re5 Bd7 17. Rae1 Rxe5 18. Rxe5 Re8 19. Rxe8+ Bxe8 20. Qe3 Bd7 21. c3 h6 22. f4 Kf8 23. Qe5 Qxe5 24. fxe5 Ke7 25. Kf2 f6 26. exf6+ Kxf6 27. h4 Bf5 28. Be2 Be4 29. g3 g5 30. Ke3 gxh4 31. gxh4 Kf5 32. a3 Bc2 33. Bf3 Bb3 34. Be2 Bc2 35. Bh5 Be4 36. Bd1 Bg2 37. Kf2 Be4 38. Ke3 Bh1 39. Be2 Be4 40. Bd1 1/2-1/2

[Event "SUI-chT"]
[Site "Switzerland"]
[Date "2019.10.20"]
[Round "9.5"]
[White "Degtiarev, Evgeny"]
[Black "Schweitzer, Olaf"]
[Result "1-0"]
[WhiteElo "2387"]
[BlackElo "2076"]
[PlyCount "65"]
[EventDate "2019.03.10"]
[EventType "team-tourn"]
[EventRounds "9"]
[EventCountry "SUI"]
[SourceTitle "CBM 192 Extra"]
[Source "Chessbase"]
[SourceDate "2019.11.06"]
[SourceVersion "1"]
[SourceVersionDate "2019.11.06"]
[SourceQuality "1"]
[WhiteTeam "Reti"]
[BlackTeam "Nyon"]
[WhiteTeamCountry "SUI"]
[BlackTeamCountry "SUI"]

1. d4 d5 2. c4 dxc4 3. Nf3 Nf6 4. e3 e6 5. Bxc4 c5 6. 0-0 a6 7. Bb3 b5 8. dxc5 Qxd1 9. Rxd1 Bxc5 10. Bd2 Ne4 11. Be1 Bb7 12. Bc2 Nd7 13. a4 b4 14. Nbd2 Nxd2 15. Nxd2 Be7 16. Be4 Rb8 17. Bxb7 Rxb7 18. Ne4 0-0 19. Nd6 Bxd6 20. Rxd6 Nc5 21. a5 h6 22. Rb6 Rxb6 23. axb6 Rb8 24. Bxb4 Nd3 25. Ba5 Nxb2 26. Rc1 Na4 27. Rc6 Rd8 28. g4 Rd1+ 29. Kg2 Rb1 30. Rc8+ Kh7 31. Rc7 Rb5 32. b7 Kg6 33. Rc4 1-0